000 00906 a2200205 4500
003 NUST
005 20221101155600.0
010 _a 75028336
020 _a0673079805
040 _cNust
082 0 0 _a510,MIL
100 1 _aMiller, Charles David,
_9102217
245 1 0 _aMathematics :
_ban everyday experience /
_cCharles D. Miller, Vern E. Heeren.
260 _aGlenview, Ill. :
_bScott, Foresman,
_cc1976.
300 _axxi, 519 p. :
_bill. ;
_c24 cm.
505 _aCounting Systems and Calculations Devices (Page-1), Consumer Mathematics (Page-39), Number Sequences (Page-74), Geometry (Page-115), Geometry of Measures (Page-164), Basic Graphs (Page-203), Probability (Page-257), Statistics (Page-302), Applications of Probability and Statistics (Page-352), Computers (Page-399), More Graphs (Page-439).
650 0 _aMathematics.
700 1 _aHeeren, Vern E.,
_9102221
942 _2ddc
_cBK
_k510,MIL
999 _c180121
_d180121